Logo des Régions et Collectivités françaises - Statistiques

Statistiques générales
  • Ce quiz a été pris 22 fois
  • Le résultat moyen est 16 sur 25
Statistiques - réponses
Par images Réponse % Correct
Occitanie
95%
Bretagne
90%
Île-de-France
90%
Auvergne-Rhône-Alpes
85%
Normandie
85%
Hauts-de-France
80%
Provence-Alpes-Côte-d'Azur
80%
Centre-Val de Loire
75%
Grand Est
75%
Guyane
70%
Martinique
70%
Nouvelle-Aquitaine
65%
Bourgogne-Franche-Comté
60%
Communauté européenne d'Alsace
60%
Guadeloupe
60%
La Réunion
60%
Polynésie française
60%
Corse
55%
Saint-Pierre-et-Miquelon
55%
TAAF
55%
Mayotte
50%
Pays de la Loire
50%
Wallis-et-Futuna
45%
Saint-Barthélémy
30%
Saint-Martin
30%
Aucun quiz correspondant
Distribution des résultats
% des personnes avec chaque résultat
Percentile par nombre de réponses
Votre historique - résultats
Vous n’avez pas pris ce quiz